000 01216cam a2200217 4500
001 WB@3612-328
008 040908n2004 000 0 eng u
035 _a(Sirsi) u127294
245 _aLending to individuals
260 _c2004
490 _aBank of England Statistical Release
_v(July 2004) 31 August 2004 (5)
520 _aThe Bank of England has released "Lending to individuals: July 2004". It shows that total lending to individuals grew by £10.4bn or 1% in July 2004. This was £1.1bn weaker than the increase in June 2004. Secured lending grew by £8.6bn or 1%. The value of all loans approved was £23.9bn and the number of loans approved for house purchase in July was 97 000, compared with the average of 119 000 in the previous three months to June 2004. Consumer credit grew by £1.8bn or 1% which was £0.4bn weaker than the increase in June. The full statistical release is available at: http://www.bankofengland.co.uk/mfsd/li/040831/lend ind.pdf. http://www.bankofengland.co.uk/Links/setframe.html
590 _aWB
590 _aWB
650 _aMORTGAGE LENDING
650 _aBANK LENDING
650 _aSTATISTICS
650 _aCONSUMER CREDIT
690 _aFINANCE
942 _n0
999 _c117974
_d117974